[Event "Wch Juvenil 2013 sub-16 femenino"]
[Site "Al-Ain UAE"]
[Date "2013.12.19"]
[Round "2.16"]
[White "Choladze, Mariam"]
[Black "Blagojevic, Tijana"]
[Result "1-0"]
[WhiteElo "1900"]
[BlackElo "2019"]
[PlyCount "167"]
[EventDate "2013.12.19"]
[EventType "swiss"]
[EventRounds "11"]
[EventCountry "UAE"]
[Source "lmi"]
[SourceDate "2013.12.19"]

1. e4 e5 2. Nf3 Nc6 3. Bb5 Nf6 4. d3 Bd6 5. O-O a6 6. Ba4 O-O 7. c3 Re8 8. Re1
Bf8 9. Nbd2 b5 10. Bb3 Na5 11. Bc2 c5 12. Nf1 d5 13. exd5 Qxd5 14. Bg5 Bg4 15.
Bxf6 gxf6 16. Ne3 Qe6 17. Nxg4 Qxg4 18. Re4 Qd7 19. d4 cxd4 20. Qd3 Bg7 21.
cxd4 Rad8 22. Rae1 Nc6 23. R4e3 exd4 24. Rxe8+ Rxe8 25. Rxe8+ Qxe8 26. Qxh7+
Kf8 27. h4 Nb4 28. Be4 Qc8 29. a3 Qc1+ 30. Kh2 Nc6 31. g3 Ne5 32. Nxd4 Ng4+ 33.
Kg2 Qc4 34. Nc2 Nh6 35. Bd3 Qb3 36. Qe4 Kg8 37. Ne3 Qxb2 38. Qa8+ Bf8 39. Qxa6
Bxa3 40. Bxb5 Bf8 41. Be2 Qd4 42. Bf3 Bc5 43. g4 Qe5 44. Nd5 Kg7 45. Qc4 Bd6
46. h5 Qh2+ 47. Kf1 Qe5 48. Ne3 Bc5 49. Nd5 Bd6 50. Qc3 Qg5 51. Qd4 Qc1+ 52.
Kg2 Qg5 53. Qe4 Qh4 54. Ne3 Qg5 55. Be2 Qe5 56. Qxe5 Bxe5 57. Nd5 Ng8 58. f4
Bd6 59. Kf3 Ba3 60. Bd3 Bc1 61. Ne3 Nh6 62. g5 fxg5 63. fxg5 Bxe3 64. Kxe3 f6
65. g6 Ng4+ 66. Kf4 Nh6 67. Bc4 Kh8 68. Be6 Kg7 69. Ke4 Kh8 70. Kd5 Kg7 71. Kd6
Kf8 72. Kd7 f5 73. Kd6 Kg7 74. Ke5 Ng4+ 75. Kxf5 Nf2 76. Bd5 Kh6 77. Bf3 Kg7
78. Kg5 Nh3+ 79. Kg4 Nf2+ 80. Kf5 Nh3 81. Bg2 Ng1 82. Kg5 Ne2 83. h6+ Kg8 84.
Be4 1-0

[Event "Wch Juvenil 2013 sub-16 femenino"]
[Site "Al-Ain UAE"]
[Date "2013.12.19"]
[Round "2.17"]
[White "Sunyasakta, Satpathy"]
[Black "Wafa, Shrook"]
[Result "0-1"]
[WhiteElo "1899"]
[BlackElo "2010"]
[PlyCount "118"]
[EventDate "2013.12.19"]
[EventType "swiss"]
[EventRounds "11"]
[EventCountry "UAE"]
[Source "lmi"]
[SourceDate "2013.12.19"]

1. e4 c5 2. d4 cxd4 3. c3 dxc3 4. Nxc3 Nc6 5. Nf3 d6 6. Bc4 e6 7. Qe2 Be7 8.
O-O Nf6 9. Rd1 e5 10. h3 O-O 11. Be3 a6 12. Rac1 Rb8 13. Bd5 Nb4 14. Bb3 Nc6
15. Bc5 Na5 16. Ba7 Nxb3 17. axb3 Ra8 18. Qe3 Be6 19. Nxe5 Bxb3 20. Rd2 Qa5 21.
Nf3 Be6 22. Bb6 Qh5 23. Ne2 Rac8 24. Ra1 Qg6 25. Ng3 Nh5 26. Nf5 Rfe8 27. Nxe7+
Rxe7 28. Rxd6 Nf6 29. Ng5 Ne8 30. Rd8 Rxd8 31. Bxd8 Rd7 32. Nxe6 Qxe6 33. Bb6
Nd6 34. Rc1 h6 35. b3 Qxe4 36. Qd2 Qe6 37. Rd1 Qxb3 38. Bc5 Ne4 39. Qxd7 Nxc5
40. Qc8+ Kh7 41. Qf5+ g6 42. Qd5 Qxd5 43. Rxd5 b6 44. Rd6 Na4 45. Kf1 Kg7 46.
Ke2 Kf8 47. Rd7 Nc5 48. Rc7 Ke8 49. g4 Nd7 50. Rc8+ Ke7 51. Rh8 Nf8 52. h4 f6
53. Rxh6 Kf7 54. f4 a5 55. h5 Kg7 56. g5 a4 57. Kd2 b5 58. hxg6 fxg5 59. f5
Kxh6 0-1

[Event "Wch Juvenil 2013 sub-16 femenino"]
[Site "Al-Ain UAE"]
[Date "2013.12.19"]
[Round "2.18"]
[White "Uzlavataya, Anhelina"]
[Black "Heinemann, Josefine"]
[Result "1-0"]
[WhiteElo "1892"]
[BlackElo "2008"]
[PlyCount "119"]
[EventDate "2013.12.19"]
[EventType "swiss"]
[EventRounds "11"]
[EventCountry "UAE"]
[Source "lmi"]
[SourceDate "2013.12.19"]

1. Nf3 Nf6 2. g3 g6 3. Bg2 Bg7 4. O-O O-O 5. d4 d6 6. c4 c6 7. Nc3 Qb6 8. h3
Qa6 9. b3 b5 10. Nd2 Bb7 11. Bb2 Nbd7 12. e3 bxc4 13. bxc4 c5 14. d5 Nb6 15.
Qb3 Bc8 16. a4 Rb8 17. Qa2 Qa5 18. Rfd1 Bd7 19. Nb5 Qa6 20. e4 Qb7 21. e5 Ne8
22. exd6 Nxd6 23. Bxg7 Kxg7 24. Rab1 Bf5 25. Rb3 Ndxc4 26. Nxc4 Nxc4 27. Nd4
Nb6 28. Nxf5+ gxf5 29. a5 c4 30. Rbb1 c3 31. axb6 axb6 32. d6 Qd7 33. dxe7 Qxe7
34. Qc2 Rfc8 35. Rb3 Qe5 36. Rc1 f4 37. Rxc3 Rxc3 38. Qxc3 Qxc3 39. Rxc3 fxg3
40. fxg3 f5 41. Rc7+ Kg6 42. Rb7 Rxb7 43. Bxb7 Kg5 44. Kf2 b5 45. Kf3 b4 46.
Bd5 Kg6 47. Kf4 Kf6 48. Bb3 Kg6 49. Bc2 Kg7 50. Kxf5 Kh8 51. g4 Kg7 52. g5 Kf7
53. h4 Kg7 54. h5 h6 55. g6 b3 56. Bxb3 Kh8 57. Bc2 Kg7 58. Ke6 Kg8 59. Kf6 Kh8
60. g7+ 1-0

[Event "Wch Juvenil 2013 sub-16 femenino"]
[Site "Al-Ain UAE"]
[Date "2013.12.19"]
[Round "2.19"]
[White "Wafa, Shahenda"]
[Black "Paredes Bustamante, Paula"]
[Result "1-0"]
[WhiteElo "1883"]
[BlackElo "1994"]
[PlyCount "65"]
[EventDate "2013.12.19"]
[EventType "swiss"]
[EventRounds "11"]
[EventCountry "UAE"]
[Source "lmi"]
[SourceDate "2013.12.19"]

1. e4 c5 2. Nf3 d6 3. d4 cxd4 4. Nxd4 Nf6 5. Nc3 a6 6. Bg5 e6 7. f4 Be7 8. Qf3
h6 9. Bxf6 Bxf6 10. O-O-O Qb6 11. Qd3 O-O 12. Nf3 Nc6 13. a3 Qa5 14. g4 b5 15.
h4 b4 16. Na2 Rb8 17. g5 bxa3 18. b3 Bb2+ 19. Kb1 h5 20. Bh3 Bb7 21. g6 Nb4 22.
gxf7+ Kh8 23. Nxb4 Qxb4 24. Ng5 Bf6 25. e5 Bxg5 26. hxg5 Be4 27. Bf5 Bxh1 28.
Rxh1 Rxf7 29. Rxh5+ Kg8 30. Bxe6 Qe1+ 31. Ka2 Qc1 32. Bxf7+ Kxf7 33. g6+ 1-0

[Event "Wch Juvenil 2013 sub-16 femenino"]
[Site "Al-Ain UAE"]
[Date "2013.12.19"]
[Round "2.21"]
[White "Grgic, Neomi"]
[Black "Shakhmurzova, Fatima"]
[Result "1-0"]
[WhiteElo "1882"]
[BlackElo "1983"]
[PlyCount "85"]
[EventDate "2013.12.19"]
[EventType "swiss"]
[EventRounds "11"]
[EventCountry "UAE"]
[Source "lmi"]
[SourceDate "2013.12.19"]

1. e4 e5 2. Nf3 Nc6 3. Bb5 a6 4. Ba4 Nf6 5. O-O b5 6. Bb3 Be7 7. Re1 d6 8. c3
O-O 9. d4 Bg4 10. d5 Nb8 11. Nbd2 Re8 12. Nf1 Bf8 13. Ng3 g6 14. h3 Bc8 15. a4
Bb7 16. Qd3 Nbd7 17. Be3 bxa4 18. Bxa4 Bg7 19. b4 Rf8 20. c4 a5 21. c5 axb4 22.
Bxd7 Rxa1 23. Rxa1 Qxd7 24. Ra7 Bc8 25. c6 Qd8 26. Qb5 Ne8 27. Ra8 h6 28. Qb8
Nf6 29. Qxb4 Nh7 30. Qd2 Qf6 31. Qa5 Qd8 32. Ra7 f5 33. Rxc7 f4 34. Bb6 Qf6 35.
Nf1 Ng5 36. Nxg5 Qxg5 37. Qa7 Bh8 38. Rxc8 Rxc8 39. Qd7 Rf8 40. c7 f3 41. g3
Qc1 42. Qxd6 Bg7 43. Qc5 1-0

[Event "Wch Juvenil 2013 sub-16 femenino"]
[Site "Al-Ain UAE"]
[Date "2013.12.19"]
[Round "2.22"]
[White "Zahn, Alina"]
[Black "Ilhom, Mootribai"]
[Result "1-0"]
[WhiteElo "1983"]
[BlackElo "1702"]
[PlyCount "101"]
[EventDate "2013.12.19"]
[EventType "swiss"]
[EventRounds "11"]
[EventCountry "UAE"]
[Source "lmi"]
[SourceDate "2013.12.19"]

1. e4 c5 2. Nf3 d6 3. d4 cxd4 4. Nxd4 Nf6 5. f3 g6 6. c4 Bg7 7. Nc3 Nc6 8. Be3
Bd7 9. Nc2 O-O 10. Qd2 Ne5 11. Rc1 Rc8 12. b3 a5 13. Be2 Bc6 14. O-O Qc7 15.
Rfe1 e6 16. Na3 Qe7 17. Nab5 Ne8 18. Red1 Bxb5 19. Nxb5 Nc6 20. Bf1 a4 21. b4
Rd8 22. a3 f5 23. exf5 gxf5 24. Bg5 Bf6 25. Bh6 Bg7 26. Bxg7 Qxg7 27. Qe1 Rf6
28. f4 Rg6 29. Rc3 e5 30. fxe5 dxe5 31. Rxd8 Nxd8 32. Qd1 Ne6 33. Qxa4 e4 34.
Qa8 Qd7 35. c5 Nd4 36. Nd6 Kf8 37. Nxe8 Qxe8 38. Qxe8+ Kxe8 39. Rc4 Nf3+ 40.
Kf2 Nd2 41. Rc1 Nxf1 42. Kxf1 Kd7 43. a4 Ra6 44. Ra1 Ke6 45. a5 Kd5 46. b5 Ra8
47. c6 bxc6 48. b6 c5 49. b7 Rg8 50. Rb1 Rb8 51. a6 1-0

[Event "Wch Juvenil 2013 sub-16 femenino"]
[Site "Al-Ain UAE"]
[Date "2013.12.19"]
[Round "2.23"]
[White "Baldi, Valentine"]
[Black "Srija, Seshadri"]
[Result "1-0"]
[WhiteElo "1877"]
[BlackElo "1980"]
[PlyCount "107"]
[EventDate "2013.12.19"]
[EventType "swiss"]
[EventRounds "11"]
[EventCountry "UAE"]
[Source "lmi"]
[SourceDate "2013.12.19"]

1. d4 d5 2. c4 e6 3. Nc3 Nf6 4. Bg5 Be7 5. e3 h6 6. Bh4 Nbd7 7. Nf3 b6 8. cxd5
exd5 9. Bb5 Bb7 10. Rc1 c6 11. Ba4 O-O 12. O-O Rc8 13. Qe2 Ne4 14. Bxe7 Qxe7
15. Rfd1 Rfd8 16. Nxe4 dxe4 17. Nd2 Nf6 18. a3 Rc7 19. b4 Rd5 20. Rc2 Rh5 21.
Rdc1 a5 22. h3 axb4 23. axb4 b5 24. Bb3 Rh4 25. d5 Qd6 26. dxc6 Bc8 27. Qxb5
Ng4 28. Nf1 Ne5 29. Qd5 Qf6 30. Rd1 Nd3 31. Bc4 Nxb4 32. Qd8+ Qxd8 33. Rxd8+
Kh7 34. Rcd2 Nxc6 35. Re8 f6 36. Ng3 Ne5 37. Bd5 Rc1+ 38. Nf1 Ba6 39. Kh2 Bxf1
40. Kg3 Rh5 41. Bxe4+ f5 42. Bd5 Rg5+ 43. Kh2 Nc4 44. Rd4 h5 45. f4 Rg6 46.
Bg8+ Kh6 47. Bxc4 Rxg2+ 48. Kh1 Kh7 49. Bg8+ Kh6 50. Re6+ g6 51. Re7 Bc4+ 52.
Kxg2 Bxg8 53. Rd8 Rc2+ 54. Kf3 1-0

[Event "Wch Juvenil 2013 sub-16 femenino"]
[Site "Al-Ain UAE"]
[Date "2013.12.19"]
[Round "2.24"]
[White "Hong, Xing"]
[Black "Mendez Tovar, Rosario Trin"]
[Result "1-0"]
[WhiteElo "1980"]
[BlackElo "1612"]
[PlyCount "43"]
[EventDate "2013.12.19"]
[EventType "swiss"]
[EventRounds "11"]
[EventCountry "UAE"]
[Source "lmi"]
[SourceDate "2013.12.19"]

1. e4 c5 2. Nf3 d6 3. d4 cxd4 4. Nxd4 Nf6 5. Nc3 g6 6. Be3 Bg7 7. f3 Nc6 8. Qd2
O-O 9. O-O-O Nxd4 10. Bxd4 Be6 11. Kb1 a6 12. h4 h5 13. g4 Kh7 14. Bxf6 Bxf6
15. gxh5 gxh5 16. e5 Bxe5 17. Qg5 Bg7 18. Qxh5+ Bh6 19. Ne4 f6 20. Bd3 Kg7 21.
Rhg1+ Bg5 22. Nxg5 1-0

[Event "Wch Juvenil 2013 sub-16 femenino"]
[Site "Al-Ain UAE"]
[Date "2013.12.19"]
[Round "2.25"]
[White "Imanly, Magrura"]
[Black "Assaubayeva, Diana"]
[Result "1-0"]
[WhiteElo "1786"]
[BlackElo "1974"]
[PlyCount "70"]
[EventDate "2013.12.19"]
[EventType "swiss"]
[EventRounds "11"]
[EventCountry "UAE"]
[Source "lmi"]
[SourceDate "2013.12.19"]

1. e4 e6 2. d4 d5 3. exd5 exd5 4. Bd3 Bd6 5. Nf3 Nf6 6. c4 dxc4 7. Bxc4 O-O 8.
O-O Nbd7 9. Nc3 c6 10. Bb3 Nb6 11. Qd3 Bg4 12. Bg5 Bh5 13. Rfe1 Bg6 14. Qd2 Be7
15. Ne5 Nfd5 16. Bxe7 Nxe7 17. Nxg6 Nxg6 18. Rad1 Qc7 19. h3 Rad8 20. Qg5 Qf4
21. Qa5 Nc8 22. Re4 Qf6 23. d5 b6 24. Qa6 cxd5 25. Nxd5 Qf5 26. Red4 Qe5 27.
R4d3 Rde8 28. Ba4 Rd8 29. Bb3 Rde8 30. Qa3 Nf4 31. Nxf4 Qxf4 32. Rg3 Qc7 33.
Qa4 Rd8 34. Re1 Ne7 35. Qe4 Ng6 1-0

[Event "Wch Juvenil 2013 sub-16 femenino"]
[Site "Al-Ain UAE"]
[Date "2013.12.19"]
[Round "2.26"]
[White "Virkud, Apurva"]
[Black "Methmani, Nelunika"]
[Result "1-0"]
[WhiteElo "1969"]
[BlackElo "1672"]
[PlyCount "69"]
[EventDate "2013.12.19"]
[EventType "swiss"]
[EventRounds "11"]
[EventCountry "UAE"]
[Source "lmi"]
[SourceDate "2013.12.19"]

1. d4 Nf6 2. c4 g6 3. Nc3 Bg7 4. e4 d6 5. Nf3 O-O 6. Be2 e5 7. O-O Nc6 8. d5
Ne7 9. Nd2 Nd7 10. b4 f5 11. Ba3 f4 12. c5 Nf6 13. Nc4 g5 14. f3 Rf7 15. b5 Ne8
16. Na4 b6 17. cxd6 cxd6 18. Rc1 Bf8 19. Nxe5 dxe5 20. d6 Ng6 21. Bc4 Nxd6 22.
Bxd6 Qxd6 23. Bd5 Bb7 24. Bxf7+ Kxf7 25. Qb3+ Kf6 26. Nc3 Qd4+ 27. Kh1 Bc5 28.
Rfd1 Qf2 29. Rc2 Qh4 30. Nd5+ Kg7 31. Nc7 Rc8 32. Ne6+ Kh6 33. Qd3 Bf2 34. Qd7
Rg8 35. Rc7 1-0

[Event "Wch Juvenil 2013 sub-16 femenino"]
[Site "Al-Ain UAE"]
[Date "2013.12.19"]
[Round "2.27"]
[White "Gholami Orimi, Anahita"]
[Black "Fortunata, Fransisca"]
[Result "1-0"]
[WhiteElo "1817"]
[BlackElo "2117"]
[PlyCount "103"]
[EventDate "2013.12.19"]
[EventType "swiss"]
[EventRounds "11"]
[EventCountry "UAE"]
[Source "lmi"]
[SourceDate "2013.12.19"]

1. d4 d5 2. c4 e6 3. Nc3 Nf6 4. Bg5 Nbd7 5. Nf3 Be7 6. e3 O-O 7. Bd3 b6 8. cxd5
Nxd5 9. Nxd5 exd5 10. Bf4 c5 11. O-O c4 12. Bc2 Ba6 13. Qe2 Rc8 14. Rab1 b5 15.
Bf5 Bf6 16. Ne5 Bxe5 17. dxe5 Rc6 18. Rfd1 Nb6 19. Rd4 Bc8 20. Bc2 f5 21. Qd2
Qe7 22. a3 h5 23. h3 a6 24. Bh2 g5 25. a4 Be6 26. Bd1 Qh7 27. a5 Nd7 28. Rxd5
f4 29. Bc2 Qf7 30. Rd4 f3 31. Be4 Rc5 32. Bxf3 Nxe5 33. Be4 g4 34. hxg4 Nxg4
35. Bg3 Re8 36. Qc2 Bf5 37. Bxf5 Rxf5 38. Rbd1 Rf6 39. Rd7 Qg6 40. Qxg6+ Rxg6
41. Bf4 h4 42. Kf1 Rf6 43. R7d4 Kh7 44. Ke2 Rf5 45. Rh1 Rh5 46. Bg3 Ne5 47.
Rhxh4 Rxh4 48. Rxh4+ Kg6 49. Re4 Kf5 50. Rxe5+ Rxe5 51. Bxe5 Kxe5 52. g4 1-0

[Event "Wch Juvenil 2013 sub-16 femenino"]
[Site "Al-Ain UAE"]
[Date "2013.12.19"]
[Round "2.28"]
[White "Baghirova, Khatin"]
[Black "Schnegg, Anna-Lena"]
[Result "1/2-1/2"]
[WhiteElo "1838"]
[BlackElo "2075"]
[PlyCount "105"]
[EventDate "2013.12.19"]
[EventType "swiss"]
[EventRounds "11"]
[EventCountry "UAE"]
[Source "lmi"]
[SourceDate "2013.12.19"]

1. e4 e5 2. Nf3 Nc6 3. Bb5 a6 4. Ba4 Nf6 5. O-O Be7 6. Re1 b5 7. Bb3 d6 8. c3
O-O 9. d3 Na5 10. Bc2 c5 11. Nbd2 Qc7 12. Nf1 Re8 13. Bg5 h6 14. Bh4 Nh5 15.
Bxe7 Qxe7 16. d4 Nf4 17. Ne3 cxd4 18. cxd4 Nc4 19. Nxc4 bxc4 20. Ba4 Rd8 21.
Qc2 Bg4 22. Re3 Rac8 23. d5 Rc5 24. a3 f5 25. Bc6 fxe4 26. Qxe4 Qf7 27. Nd2 Bf5
28. Qf3 Bd7 29. Ne4 Bxc6 30. Nxc5 Nxd5 31. Qxf7+ Kxf7 32. Rf3+ Ke7 33. Nxa6 Ra8
34. Rg3 Kf7 35. Nb4 Nxb4 36. Rc1 Nd5 37. Rxc4 Bb5 38. Rc1 Ra7 39. Rb3 Nf4 40.
Re1 Bc4 41. Rb6 Ke6 42. Rd1 Nd5 43. Rc6 Bb5 44. Rc8 Nf4 45. f3 d5 46. Rc5 Rb7
47. Rd2 Kd6 48. Rc8 d4 49. Rd8+ Ke6 50. Rc8 Kd6 51. Rd8+ Ke6 52. Rc8 Kd6 53.
Rd8+ 1/2-1/2

[Event "Wch Juvenil 2013 sub-16 femenino"]
[Site "Al-Ain UAE"]
[Date "2013.12.19"]
[Round "2.30"]
[White "Lingur, Zalina"]
[Black "Mendoza, Shania Mae"]
[Result "1/2-1/2"]
[WhiteElo "2009"]
[BlackElo "1867"]
[PlyCount "105"]
[EventDate "2013.12.19"]
[EventType "swiss"]
[EventRounds "11"]
[EventCountry "UAE"]
[Source "lmi"]
[SourceDate "2013.12.19"]

1. e4 d5 2. exd5 Qxd5 3. d4 e5 4. Nf3 Bg4 5. Be2 Nc6 6. c4 Qa5+ 7. Bd2 Bb4 8.
d5 Bxf3 9. Bxf3 Bxd2+ 10. Nxd2 Nd4 11. O-O Ne7 12. Re1 f6 13. a3 Nxf3+ 14. Nxf3
Qc5 15. Rc1 O-O 16. b4 Qd6 17. Qb3 Kh8 18. Rcd1 b6 19. Re2 a5 20. b5 Ng6 21.
Rde1 Rfe8 22. Qc3 Re7 23. g3 Rae8 24. Qd3 Qd7 25. Nd2 f5 26. f3 Rf8 27. Kh1 Qd6
28. Qc3 Rfe8 29. Qd3 Rf8 30. Qc3 Rfe8 31. Qd3 Rf8 32. Qc3 Rfe8 33. Qd3 Rf8 34.
Qc3 Rfe8 35. Qd3 Rf8 36. Qc3 Rfe8 37. Qd3 Rf8 38. Qc3 Rfe8 39. Qd3 Rf8 40. Qc3
Rfe8 41. Qd3 Rf8 42. Qc3 Rfe8 43. Qd3 Rf8 44. Qc3 Rfe8 45. Qd3 Rf8 46. Qc3 Rfe8
47. Qd3 Rf8 48. Qc3 Rfe8 49. Qd3 Rf8 50. Qc3 Rfe8 51. Qd3 Rf8 52. Qc3 Rfe8 53.
Qd3 1/2-1/2

[Event "Wch Juvenil 2013 sub-16 femenino"]
[Site "Al-Ain UAE"]
[Date "2013.12.19"]
[Round "2.31"]
[White "Tursunova, Shakhnoza"]
[Black "Narzikulova, Gulhae"]
[Result "0-1"]
[WhiteElo "1937"]
[BlackElo "1769"]
[PlyCount "82"]
[EventDate "2013.12.19"]
[EventType "swiss"]
[EventRounds "11"]
[EventCountry "UAE"]
[Source "lmi"]
[SourceDate "2013.12.19"]

1. e4 c5 2. Nc3 e6 3. Nge2 Nc6 4. g3 a6 5. Bg2 g6 6. O-O Bg7 7. d3 Nge7 8. Be3
Nd4 9. Qd2 O-O 10. f4 d5 11. Nd1 Bd7 12. g4 dxe4 13. dxe4 Bb5 14. Bxd4 cxd4 15.
Rf3 Qb6 16. Kh1 Rac8 17. a4 Bc6 18. Rh3 f5 19. gxf5 exf5 20. e5 Bxg2+ 21. Kxg2
Qc6+ 22. Kg1 Qxc2 23. Qxc2 Rxc2 24. Nxd4 Rc4 25. Ne6 Rfc8 26. b3 Rc2 27. Rd3
Bh6 28. Ne3 R2c3 29. Nd8 Rc1+ 30. Rxc1 Rxc1+ 31. Kg2 Bxf4 32. Nxb7 Bxe5 33. Nc4
Rc2+ 34. Rd2 Rxd2+ 35. Nxd2 Bd4 36. Nd8 Bb6 37. Ne6 Nd5 38. Kf3 h6 39. Nc4 Kf7
40. Nf4 Nxf4 41. Kxf4 Bc7+ 0-1

[Event "Wch Juvenil 2013 sub-16 femenino"]
[Site "Al-Ain UAE"]
[Date "2013.12.19"]
[Round "2.32"]
[White "Breedt, Shade"]
[Black "Ivanova, Simoneta"]
[Result "1/2-1/2"]
[WhiteElo "1638"]
[BlackElo "2049"]
[PlyCount "101"]
[EventDate "2013.12.19"]
[EventType "swiss"]
[EventRounds "11"]
[EventCountry "UAE"]
[Source "lmi"]
[SourceDate "2013.12.19"]

1. e4 c5 2. Nc3 e6 3. f4 d5 4. d3 Nc6 5. Nf3 Nge7 6. g3 g6 7. Bg2 Bg7 8. O-O
O-O 9. h3 Rb8 10. g4 b5 11. Qe1 b4 12. Ne2 dxe4 13. dxe4 Qb6 14. Kh1 Nd4 15.
Nexd4 cxd4 16. Qh4 Qc5 17. Rf2 Bb7 18. Ne5 Qd6 19. Nd3 f5 20. e5 Qc7 21. a3
Bxg2+ 22. Rxg2 a5 23. axb4 axb4 24. Ra4 Nd5 25. Qf2 Qc6 26. Ra1 Qb6 27. Bd2
Rbc8 28. Rc1 Rf7 29. c4 dxc3 30. Qxb6 Nxb6 31. bxc3 bxc3 32. Rxc3 Rxc3 33. Bxc3
Nd5 34. Bd2 fxg4 35. hxg4 Bh6 36. g5 Bf8 37. Rg3 Be7 38. Kg2 Kg7 39. Rf3 Rf5
40. Nf2 h6 41. Ng4 hxg5 42. fxg5 Bxg5 43. Rxf5 exf5 44. Bxg5 fxg4 45. Kg3 Kf7
46. Kxg4 Ke6 47. Bf4 Nb4 48. Kg5 Nd3 49. Bh2 Nxe5 50. Bxe5 Kxe5 51. Kxg6
1/2-1/2

[Event "Wch Juvenil 2013 sub-16 femenino"]
[Site "Al-Ain UAE"]
[Date "2013.12.19"]
[Round "2.33"]
[White "Egorova, Ayyyna"]
[Black "Ahmadova, Fatima"]
[Result "1-0"]
[WhiteElo "2006"]
[BlackElo "1634"]
[PlyCount "67"]
[EventDate "2013.12.19"]
[EventType "swiss"]
[EventRounds "11"]
[EventCountry "UAE"]
[Source "lmi"]
[SourceDate "2013.12.19"]

1. e4 c5 2. Nf3 e6 3. c4 Nc6 4. d4 cxd4 5. Nxd4 Nf6 6. Nc3 Bb4 7. f3 O-O 8. Be2
Qa5 9. Nxc6 dxc6 10. Bd2 Rd8 11. Qc2 b5 12. O-O Ba6 13. a3 Qb6+ 14. Kh1 Be7 15.
b4 bxc4 16. Na4 Qc7 17. Be3 Nd7 18. Bxc4 Bxc4 19. Qxc4 Ne5 20. Qc2 Rd3 21. Bf4
Rad8 22. Nb2 R3d4 23. Nc4 Bd6 24. Nxd6 Qxd6 25. Qa4 f6 26. Qxa7 g5 27. Bg3 Rd2
28. f4 gxf4 29. Rxf4 Rd7 30. Qg1 Kg7 31. Qf1 Qd4 32. h3 Ng6 33. Rf3 Qxe4 34.
Rxf6 1-0

[Event "Wch Juvenil 2013 sub-16 femenino"]
[Site "Al-Ain UAE"]
[Date "2013.12.19"]
[Round "2.34"]
[White "Serefidou, Despina"]
[Black "Bashaer, Khalil"]
[Result "1-0"]
[WhiteElo "1958"]
[BlackElo "1630"]
[PlyCount "105"]
[EventDate "2013.12.19"]
[EventType "swiss"]
[EventRounds "11"]
[EventCountry "UAE"]
[Source "lmi"]
[SourceDate "2013.12.19"]

1. e4 c5 2. Nf3 e6 3. d4 cxd4 4. Nxd4 Nf6 5. Nc3 Nc6 6. Ndb5 Bb4 7. Nd6+ Bxd6
8. Qxd6 Qe7 9. Qxe7+ Kxe7 10. Bf4 Nh5 11. Bc7 a6 12. a4 Nf6 13. O-O-O Ng4 14.
Rd2 h5 15. a5 Rh6 16. Na4 Rh8 17. Bd6+ Kd8 18. Nb6 Ra7 19. Bc5 h4 20. Nxc8 Kxc8
21. Bxa7 Nxa7 22. b4 Nc6 23. b5 axb5 24. Bxb5 Rh5 25. Bxc6 bxc6 26. Rhd1 Rxa5
27. Rxd7 Ra1+ 28. Kb2 Rxd1 29. Rxd1 Nxf2 30. Re1 Ng4 31. h3 Ne5 32. Kc3 Kc7 33.
Kd4 Kd6 34. Rd1 f6 35. c4 c5+ 36. Kc3+ Kc7 37. Ra1 Nc6 38. Ra8 Kd6 39. Ra6 Kc7
40. Kd2 Kb7 41. Ra3 Nd4 42. Kc3 Nc6 43. Ra2 Nb4 44. Rf2 Kc6 45. Rf4 Na2+ 46.
Kb2 Nb4 47. Rxh4 Nd3+ 48. Kc3 Nf2 49. Rf4 Nd1+ 50. Kb3 Ne3 51. g3 e5 52. Rf3
Nd1 53. Kc2 1-0

[Event "Wch Juvenil 2013 sub-16 femenino"]
[Site "Al-Ain UAE"]
[Date "2013.12.19"]
[Round "2.35"]
[White "Poteat, Lilia M"]
[Black "Fisher, Michelle M"]
[Result "1/2-1/2"]
[WhiteElo "1866"]
[BlackElo "1627"]
[PlyCount "88"]
[EventDate "2013.12.19"]
[EventType "swiss"]
[EventRounds "11"]
[EventCountry "UAE"]
[Source "lmi"]
[SourceDate "2013.12.19"]

1. e4 c5 2. Nf3 Nc6 3. d4 cxd4 4. Nxd4 Nf6 5. Nc3 e5 6. Ndb5 d6 7. Bg5 a6 8.
Na3 b5 9. Nd5 Qa5+ 10. Bd2 Qd8 11. Be3 Rb8 12. f3 Be6 13. Be2 Bxd5 14. exd5 Ne7
15. c4 Nf5 16. Bg5 h6 17. Bxf6 Qxf6 18. Qd3 Qh4+ 19. Kd1 Ng3 20. Re1 Nxe2 21.
Qxe2 bxc4 22. Qxc4 Qxc4 23. Nxc4 Rb5 24. Kc2 Rxd5 25. Rad1 Rc5 26. Kb3 Rc6 27.
Rd5 f6 28. f4 Kf7 29. f5 Be7 30. Red1 Rb8+ 31. Kc3 Rbc8 32. b3 Rc5 33. Kb4 Rb8+
34. Ka4 Rbb5 35. Nxd6+ Bxd6 36. Rxd6 Ra5+ 37. Kb4 Rcb5+ 38. Kc3 Rxa2 39. Rd7+
Kg8 40. Rd8+ Kh7 41. Rc8 Rf2 42. g4 Rf3+ 43. Kc2 Rf2+ 44. Kc1 Ra5 1/2-1/2

[Event "Wch Juvenil 2013 sub-16 femenino"]
[Site "Al-Ain UAE"]
[Date "2013.12.19"]
[Round "2.36"]
[White "Jacobsen, Caroline Beer"]
[Black "Patel, Yesim"]
[Result "1/2-1/2"]
[WhiteElo "1621"]
[BlackElo "1860"]
[PlyCount "80"]
[EventDate "2013.12.19"]
[EventType "swiss"]
[EventRounds "11"]
[EventCountry "UAE"]
[Source "lmi"]
[SourceDate "2013.12.19"]

1. e4 c5 2. Nc3 Nc6 3. f4 e6 4. Nf3 Nge7 5. g3 g6 6. Bg2 Bg7 7. O-O O-O 8. d3
d5 9. e5 Nf5 10. Ne2 b5 11. c3 b4 12. c4 Bb7 13. a3 bxa3 14. Rxa3 Nb4 15. g4
Ne7 16. Be3 Qc7 17. Qb1 f6 18. exf6 Bxf6 19. Ng3 Bg7 20. Ng5 Rf6 21. Bd2 h6 22.
Nf3 Rff8 23. Re1 Rad8 24. Rxa7 Qb6 25. Ra1 dxc4 26. Bxb4 cxb4+ 27. d4 Bxf3 28.
Bxf3 Qxd4+ 29. Kh1 Qxf4 30. Be2 Qd4 31. Ra4 Qd5+ 32. Qe4 c3 33. Bc4 Qxe4+ 34.
Nxe4 c2 35. Bxe6+ Kh7 36. Bb3 Rc8 37. Rc1 Rf4 38. Rxb4 Rxg4 39. Nf6+ Bxf6 40.
Rxg4 Bxb2 1/2-1/2

[Event "Wch Juvenil 2013 sub-16 femenino"]
[Site "Al-Ain UAE"]
[Date "2013.12.19"]
[Round "2.37"]
[White "Alijanzadeh, Mohadeseh"]
[Black "Solis Carbajal, Minueth Si"]
[Result "1-0"]
[WhiteElo "1846"]
[BlackElo "1602"]
[PlyCount "61"]
[EventDate "2013.12.19"]
[EventType "swiss"]
[EventRounds "11"]
[EventCountry "UAE"]
[Source "lmi"]
[SourceDate "2013.12.19"]

1. e4 e5 2. Bc4 Bc5 3. d3 h6 4. Nc3 Nf6 5. f4 d6 6. f5 c6 7. Nf3 d5 8. Bb3 Ng4
9. Qe2 Bf2+ 10. Kf1 d4 11. Nd1 Bh4 12. h3 Nf6 13. Nxh4 O-O 14. Nf2 Kh7 15. Nf3
Nh5 16. Kg1 Ng3 17. Qe1 Nxh1 18. Kxh1 Nd7 19. Ng4 Nc5 20. Ngxe5 Nxb3 21. axb3
c5 22. Qg3 Qd6 23. Qh4 Rg8 24. Ng4 Re8 25. Bxh6 f6 26. Bxg7+ Kxg7 27. Qh6+ Kf7
28. Qh7+ Kf8 29. Nh4 Rd8 30. Nh6 Rd7 31. Ng6+ 1-0

[Event "Wch Juvenil 2013 sub-16 femenino"]
[Site "Al-Ain UAE"]
[Date "2013.12.19"]
[Round "2.38"]
[White "Messaoui, Amira"]
[Black "Fiadosenka, Rahneda"]
[Result "0-1"]
[WhiteElo "1605"]
[BlackElo "1845"]
[PlyCount "78"]
[EventDate "2013.12.19"]
[EventType "swiss"]
[EventRounds "11"]
[EventCountry "UAE"]
[Source "lmi"]
[SourceDate "2013.12.19"]

1. e4 c5 2. Nf3 Nc6 3. d4 cxd4 4. Nxd4 Nf6 5. Nc3 e5 6. Nf3 Bb4 7. Bd3 d5 8.
Nd2 Bxc3 9. bxc3 O-O 10. O-O Be6 11. Qe2 Qc7 12. Bb2 Rad8 13. h3 Rd7 14. Rfe1
Rfd8 15. Nf3 dxe4 16. Bxe4 Nxe4 17. Qxe4 Bd5 18. Qe2 Bxf3 19. Qxf3 Rd2 20. Re2
Rd1+ 21. Re1 Rxa1 22. Rxa1 Rd2 23. Rc1 Qb6 24. Ba3 Qa5 25. Qe3 Rd5 26. c4 Rd7
27. Ra1 Nd4 28. Re1 f6 29. Qd3 Qa4 30. Kh2 Ne6 31. Qb3 Qc6 32. c3 Rd2 33. Rf1
Nf4 34. f3 Rxg2+ 35. Kh1 Rg3 36. Qb5 Rxh3+ 37. Kg1 Rg3+ 38. Kh2 Rg2+ 39. Kh1
Qe6 0-1